LEADER 00927nam a2200241 i 4500 001 000000128772 003 CaOOAMICUS 005 20070622000000.0 008 070622s1914 it u000 u ita u 013 $a101501 040 $aSeMil$bita 100 1 $aNavarra, Ugo.$0(OLS)http://semarc/name/53543 245 10$aNote illustrative al Parsifal di Riccardo Wagner /$cUgo Navarra. 260 $aMilano :$bBruciati,$c1914. 300 $a96 p. ;$c18 cm. 500 $aFondo card. C.M. Martini. 650 4$aWagner, Richard <1813-1883> - Opere . Parsifal.$0(OLS)http://semarc/subject/25459 850 $aSeMil 852 $aSeMil$W1$xVenegono$y1$m3Q I 44$j82984$B82984$CSeMilBibl$Z2$F125775 $81 941 1 $a4 961 $aOmaggio: Martini Card. Carlo Maria 996 $6245$aNote illustrative al Parsifal di Riccardo Wagner$9(OLS)http://semarc/title/190334 996 $6260$aMilano :$bBruciati$9(OLS)http://semarc/publisher/42354 LEADER 00942nas a2200169 i 4500 001 000000022117 003 CaOOAMICUS 005 20180830125445.0 008 180830s1970 gw u0 und u 040 $aSeMil$bita 240 04$aDer Christ in der Welt. 5. Reihe. Religionsersatz der Gegenwart [Texte imprimé] : eine Enzyklopädie.$0(OLS)http://semarc/title/29418 245 14$aDer Christ in der Welt. 5. Reihe, Die grossen Wahrheiten :$beine Enzyklopädie /$cin verantwortlicher Zusammenarbeit mit deutschen und französischen Autoren unter beratender Mitwirkung von P. Johannes Hirschmann. 260 $aAschaffenburg :$bP. Pattloch,$c1970. 300 $av. ;$c19 cm. 700 1 $aHirschmann, Johannes B.,$c.$0(OLS)http://semarc/name/9896 996 $6245$aDer Christ in der Welt. 5. Reihe, Die grossen Wahrheiten :$beine Enzyklopädie$9(OLS)http://semarc/title/29419 996 $6260$aAschaffenburg :$bP. Pattloch$9(OLS)http://semarc/publisher/35656 LEADER 01284nam a2200277 i 4500 001 000000070386 003 CaOOAMICUS 005 20240212120304.0 008 070724s1947 it u000 u ita u 040 $aSeMil$bita 100 1 $aMerezkovskij, Dmitrij Sergeevic,$d<1865-1941>.$0(OLS)http://semarc/name/7524 245 10$aTolstòj e Dostojevskij :$bvita, creazione, religione /$cDemetrio Merezkovskij ; traduzione dal russo di Alfredo Polledro. 250 $a2. Ed. 264 1$aBari :$bLaterza & Figli,$c1947. 300 $aXVI, 510 p. ;$c22 cm. 541 0 $aFondo Ciprandi (1R V 15) 650 04$aTolstoj, Lev Nikolàevi? <1828-1910> - Pensiero religioso.$0(OLS)http://semarc/subject/52491 650 04$aDostoevskij, Fëdor Michajlovi? <1821-1881> - Pensiero religioso.$0(OLS)http://semarc/subject/48243 700 1 $aPolledro, Alfredo,$d<1885-1961>.$0(OLS)http://semarc/name/3827 850 $aSeMil 852 $aSeMil$W1$xVenegono$y1$m1R V 15$j246031$B36539$CSeMilBibl$Z2$F36542 $81 941 1 $a1 961 $aOmaggio: Ciprandi dott. Paolo 996 $6245$aTolstòj e Dostojevskij :$bvita, creazione, religione$9(OLS)http://semarc/title/112987 996 $6264$aBari :$bLaterza & Figli$9(OLS)http://semarc/publisher/29663